000 00729nam a2200265Ia 4500
003 OSt
005 20221007110938.0
006 a|||||r|||| 00| 0
007 ta
008 221006b |||||||| |||| 00| 0 eng d
020 _a8175345624
024 _a22,229
037 _cTextual
040 _aLCO
_cLCO
_beng
041 _2eng
_aeng
082 _aZ3,91, N6
100 _aCosgroove Richard A.
_9462897
245 0 _aScholars of the Law
260 _aDelhi
_bUniversal Law Publishing Co. Pvt. Ltd. India
_c1996
300 _a262
500 _aEnglish Jurisprudence form Blackstone to Hart
650 _aSCHOLAR
_9708075
942 _hZ3,91, N6
_cTEXL
999 _c1191792
_d1191792